<?xml version="1.0" encoding="UTF-8"?><?xml-stylesheet type="text/xsl" href="static/style.xsl"?><OAI-PMH xmlns="http://www.openarchives.org/OAI/2.0/" xmlns:xsi="http://www.w3.org/2001/XMLSchema-instance" xsi:schemaLocation="http://www.openarchives.org/OAI/2.0/ http://www.openarchives.org/OAI/2.0/OAI-PMH.xsd"><responseDate>2026-04-17T17:03:55Z</responseDate><request verb="GetRecord" identifier="oai:www.recercat.cat:2445/128223" metadataPrefix="marc">https://recercat.cat/oai/request</request><GetRecord><record><header><identifier>oai:recercat.cat:2445/128223</identifier><datestamp>2025-12-04T21:02:35Z</datestamp><setSpec>com_2072_1057</setSpec><setSpec>col_2072_478818</setSpec><setSpec>col_2072_478917</setSpec></header><metadata><record xmlns="http://www.loc.gov/MARC21/slim" xmlns:dcterms="http://purl.org/dc/terms/" xmlns:xsi="http://www.w3.org/2001/XMLSchema-instance" xmlns:doc="http://www.lyncode.com/xoai" xsi:schemaLocation="http://www.loc.gov/MARC21/slim http://www.loc.gov/standards/marcxml/schema/MARC21slim.xsd">
   <leader>00925njm 22002777a 4500</leader>
   <datafield ind2=" " ind1=" " tag="042">
      <subfield code="a">dc</subfield>
   </datafield>
   <datafield ind2=" " ind1=" " tag="720">
      <subfield code="a">Obrador Cursach, Bartomeu</subfield>
      <subfield code="e">author</subfield>
   </datafield>
   <datafield ind2=" " ind1=" " tag="260">
      <subfield code="c">2019-02-13T16:28:39Z</subfield>
   </datafield>
   <datafield ind2=" " ind1=" " tag="260">
      <subfield code="c">2019-02-13T16:28:39Z</subfield>
   </datafield>
   <datafield ind2=" " ind1=" " tag="260">
      <subfield code="c">2018-12-21</subfield>
   </datafield>
   <datafield ind2=" " ind1=" " tag="260">
      <subfield code="c">2019-02-13T16:28:39Z</subfield>
   </datafield>
   <datafield ind2=" " ind1=" " tag="520">
      <subfield code="a">[cat] Encara que Zgusta inclogué Ψερκιοκωμήτης, un etnònim documentat en una de les llistes dels Ξένοι Τεκμορεῖοι de Pisídia (SERP 319,2), en el seu repertori toponímic d'Anatòlia (KON 661 § 1440), la presència del mateix ètnic en una inscripció un poc anterior a Egipte (I.Syr. 76) implica. que s'ha d'identificar amb Pselchis, a Núbia. Conseqüentment, es refusa que Ψερκιοκωμήτης pugui tenir cap relació amb les formes paleofrígies documentades a les inscripcions W‐02 i Dd‐101.</subfield>
   </datafield>
   <datafield ind2=" " ind1=" " tag="520">
      <subfield code="a">[en] Although Zgusta included in his survey of the Anatolian toponyms (KON 661 § 1440) the ethnic Ψερκιοκωμήτης, attested in a list of the Ξένοι Τεκμορεῖοι from Pisidia (SERP 319,2), a second occurrence from Egypt (I.Syr. 76) shows that it may be identified with Pselchis, a city in Nubia. Consequently, any possible relation with Old Phrygian words in W‐02 and Dd‐101 must be excluded.</subfield>
   </datafield>
   <datafield tag="653" ind2=" " ind1=" ">
      <subfield code="a">Toponímia</subfield>
   </datafield>
   <datafield tag="653" ind2=" " ind1=" ">
      <subfield code="a">Etnografia</subfield>
   </datafield>
   <datafield tag="653" ind2=" " ind1=" ">
      <subfield code="a">Toponymy</subfield>
   </datafield>
   <datafield tag="653" ind2=" " ind1=" ">
      <subfield code="a">Ethnography</subfield>
   </datafield>
   <datafield ind2="0" ind1="0" tag="245">
      <subfield code="a">Ψερκιοκωμήτης, un etnònim nubi a Pisídia</subfield>
   </datafield>
</record></metadata></record></GetRecord></OAI-PMH>